000 00263nam a2200121Ia 4500
008 190216s9999||||xx |||||||||||||| ||und||
100 _aJohn Alungal
245 0 _aAnupallavi
260 _bPoorna Pubs Kozhikode
300 _a203
650 _aNovel
942 _cBK
999 _c27436
_d27436